Statistiques concernant Les acteurs de Game of Thrones

Cliquez ici pour prendre le quiz!

Statistiques générales

  • Ce quiz a été pris 33 fois
  • Le résultat moyen est 29 sur 130

Statistiques - réponses

HintRéponse% Correct
Daenerys TargaryenEmilia Clarke
80%
Jon SnowKit Harington
80%
Arya StarkMaisie Williams
72%
Sansa StarkSophie Turner
72%
Cersei LannisterLena Headey
68%
Eddard StarkSean Bean
68%
Theon GreyjoyAlfie Allen
64%
Brienne de TarthGwendoline Christie
60%
Jaime LannisterNikolaj Coster-Waldau
60%
Tyrion LannisterPeter Dinklage
60%
YgritteRose Leslie
60%
Margaery TyrellNatalie Dormer
56%
Robb StarkRichard Madden
56%
Khal DrogoJason Momoa
52%
Oberyn MartellPedro Pascal
52%
Jojen ReedThomas Brodie Sangster
52%
Jorah MormontIain Glen
44%
Bran StarkIsaac Hempstead-Wright
44%
BronnJerome Flynn
44%
MissandeiNathalie Emmanuel
44%
MelisandreCarice Van Houten
40%
Davos SeaworthLiam Cunningham
40%
Petyr BaelishAidan Gillen
36%
TormundKristofer Hivju
36%
Sandor CleganeRory McCann
36%
Stannis BaratheonStephen Dillane
36%
Olenna TyrellDiana Rigg
32%
GillyHannah Murray
32%
Ramsay BoltonIwan Rheon
32%
Joffrey BaratheonJack Gleeson
32%
Ver GrisJacob Anderson
32%
Robert BaratheonMark Addy
32%
Euron GreyjoyPilou Asbaek
32%
Lyanna MormontBella Ramsey
28%
VarysConleth Hill
28%
GendryJoe Dempsie
28%
Samwell TarlyJohn Bradley
28%
OshaNatalia Tena
28%
Talisa StarkOona Chaplin
28%
Beric DondarrionRichard Dormer
28%
Loras TyrellFinn Jones
24%
Yara GreyjoyGemma Whelan
24%
Jeor MormontJames Cosmo
24%
Le Grand MoineauJonathan Pryce
24%
Corneille à trois yeuxMax Von Sydow
24%
ShaeSibel Kekilli
24%
Podrick PayneDaniel Portman
20%
Tommen BaratheonDean-Charles Chapman
20%
Meera ReedEllie Kendrick
20%
Ellaria SandIndira Varma
20%
Daario NaharisMichiel Huisman
20%
Doran MartellAlexander Siddig
16%
Rickon StarkArt Parkinson
16%
Mance RayderCiaran Hinds
16%
Walder FreyDavid Bradley
16%
Gregor CleganeHafbor Julius Bjornsson
16%
Viserys TargaryenHarry Lloyd
16%
Lysa ArrynKate Dickie
16%
HodorKristian Nairn
16%
Roose BoltonMichael McElhatton
16%
Myrcella BaratheonNell Tiger-Free
16%
QyburnAnton Lesser
12%
Eddison TollettBen Crompton
12%
MyrandaCharlotte Hope
12%
LuwinDonald Sumpter
12%
RosEsmé Bianco
12%
WaifFaye Marsay
12%
UnellaHannah Waddingham
12%
Meryn TrantIan Beattie
12%
Barristan SelmyIan McElhinney
12%
Wun WunIan Whyte
12%
Nymeria SandJessica Henwick
12%
EbroseJim Broadbent
12%
Benjen StarkJoseph Mawle
12%
PycelleJulian Glover
12%
Robin ArrynLino Facioli
12%
Alliser ThorneOwen Teale
12%
AemonPeter Vaughan
12%
MordaneSusan Brown
12%
Selyse BaratheonTara Fitzgerald
12%
Edmure TullyTobias Menzies
12%
Dickon TarlyTom Hopper
12%
Jaqen H'gharTom Wlaschiha
12%
Roi de la NuitVladimir Furdik
12%
Lyanna StarkAisling Franciosi
8%
IrriAmrita Acharia
8%
Tourte ChaudeBen Hawkey
8%
OllyBrennock O'Connor
8%
Brynden TullyClive Russell
8%
Kraznys mo NaklozDan Hildebrand
8%
QothoDar Salim
8%
Areo HotahDeObia Oparei
8%
Janos SlyntDominic Carter
8%
Walda BoltonElizabeth Webster
8%
RakharroElyes Gabel
8%
Lancel LannisterEugene Simon
8%
Renly BaratheonGethin Anthony
8%
Ned OmbleHarry Grasby
8%
Kevan LannisterIan Gelder
8%
Pyat PreeIan Hanmore
8%
Randyll TarlyJames Faulkner
8%
Jory CasselJamie Sives
8%
Hizdhar zo LoraqJoel Fry
8%
PyparJosef Atlin
8%
Obara SandKeisha Castle Hughes
8%
Matthos SeaworthKerr Logan
8%
Shireen BaratheonKerry Ingram
8%
Salladhor SaanLucian Msamati
8%
RastLuke Barnes
8%
Tycho NestorisMark Gatiss
8%
GrennMark Stanley
8%
Alys KarstarkMegan Parkinson
8%
Mirri Maz DuurMia Soteriou
8%
Syrio ForelMiltos Yerolemou
8%
LockeNoah Taylor
8%
Xaro Xhoan DaxosNonso Anozie
8%
Balon GreyjoyPatrick Malahide
8%
Thoros de MyrPaul Kaye
8%
DagmerRalph Ineson
8%
WolkanRichard Rycroft
8%
Qhorin Mi-MainRobert Armstrong
8%
CrasterRobert Pugh
8%
Mace TyrellRoger Ashton-Griffiths
8%
Rodrik CasselRon Donachie
8%
Tyene SandRosabell Laurenti-Sellers
8%
DoreahRoxanne McKee
8%
Yohn RoyceRupert Vansittart
8%
Trystane MartellToby Sebastian
8%
Illyn PayneWilko Johnson
8%
OlyvarWill Tudor
8%

Distribution des résultats

Percentile par nombre de réponses

% des personnes avec chaque résultat

Votre développement - résultats

Vous n’avez pas pris ce quiz